Welcome to CU Library Online Public Access Catalogue (OPAC)

Anatomy and Physiology for Nurses/ (Record no. 2277)

MARC details
000 -LEADER
fixed length control field 00544nam a22001817a 4500
005 - DATE AND TIME OF LATEST TRANSACTION
control field 20241215144840.0
008 - FIXED-LENGTH DATA ELEMENTS--GENERAL INFORMATION
fixed length control field 241215b |||||||| |||| 00| 0 eng d
020 ## - INTERNATIONAL STANDARD BOOK NUMBER
International Standard Book Number 9788123900346
050 ## - LIBRARY OF CONGRESS CALL NUMBER
Classification number QP34.5
Item number .G57
100 ## - MAIN ENTRY--PERSONAL NAME
Personal name Glenister, T. W. A.
245 ## - TITLE STATEMENT
Title Anatomy and Physiology for Nurses/
Statement of responsibility, etc. T. W. A. Glenister & Jean R. W. Ross
250 ## - EDITION STATEMENT
Edition statement 3rd ed.
260 ## - PUBLICATION, DISTRIBUTION, ETC.
Place of publication, distribution, etc. New Delhi
Name of publisher, distributor, etc. CBS Publishers and Distributors
Date of publication, distribution, etc. 2004
300 ## - PHYSICAL DESCRIPTION
Extent x.630p.
Other physical details ill.
Dimensions 24cm
500 ## - GENERAL NOTE
General note includes index
700 ## - ADDED ENTRY--PERSONAL NAME
Personal name Ross, Jean R. W.
942 ## - ADDED ENTRY ELEMENTS (KOHA)
Source of classification or shelving scheme Library of Congress Classification
Koha item type Books
Edition 3rd ed.
Suppress in OPAC No
999 ## -
-- 2277
-- 2277
Holdings
Withdrawn status Lost status Source of classification or shelving scheme Damaged status Not for loan Collection Home library Current library Shelving location Date acquired Total checkouts Full call number Barcode Date last seen Copy number Price effective from Koha item type
    Library of Congress Classification     Non-fiction Science Library (Miotso) Science Library (Miotso) General stacks 12/15/2024   QP34.5 .G57 GLE SLM00001573 12/15/2024 1 12/15/2024 Books
    Library of Congress Classification     Non-fiction Science Library (Miotso) Science Library (Miotso) General stacks 12/15/2024   QP34.5 .G57 GLE SLM00001574 12/15/2024 2 12/15/2024 Books
    Library of Congress Classification     Non-fiction Science Library (Miotso) Science Library (Miotso) General stacks 12/15/2024   QP34.5 .G57 GLE SLM00001575 12/15/2024 3 12/15/2024 Books
© 2023-2024 Copyright: Central University Libraries. All Rights Reserved | Created by: Mahone Tech Office